<?xml version="1.0" encoding="UTF-8"?>
<record
    xmlns:xsi="http://www.w3.org/2001/XMLSchema-instance"
    xsi:schemaLocation="http://www.loc.gov/MARC21/slim http://www.loc.gov/standards/marcxml/schema/MARC21slim.xsd"
    xmlns="http://www.loc.gov/MARC21/slim">

  <leader>01218nam a2200289 i 4500</leader>
  <controlfield tag="001">14508</controlfield>
  <controlfield tag="003">ES-MaACL</controlfield>
  <controlfield tag="005">20250902094054.0</controlfield>
  <controlfield tag="007">t|</controlfield>
  <controlfield tag="008">970707r19961781sp           ||||0| spa j</controlfield>
  <datafield tag="040" ind1=" " ind2=" ">
    <subfield code="a">M-BN </subfield>
    <subfield code="b">spa </subfield>
    <subfield code="c">M-BN</subfield>
  </datafield>
  <datafield tag="080" ind1=" " ind2=" ">
    <subfield code="a">061.235(460.188 SG.)(060.13)</subfield>
  </datafield>
  <datafield tag="110" ind1="2" ind2=" ">
    <subfield code="a">Espa&#xF1;a. </subfield>
    <subfield code="b">Rey (1759-1788: Carlos III)</subfield>
    <subfield code="9">3960</subfield>
  </datafield>
  <datafield tag="245" ind1="1" ind2="0">
    <subfield code="a">Real c&#xE9;dula de S.M. y se&#xF1;ores del Consejo por la cual se aprueban los estatutos de la Real Sociedad Econ&#xF3;mica de la ciudad de Segovia / </subfield>
    <subfield code="c">introducci&#xF3;n por Jos&#xE9; Manuel Valles Garrido.</subfield>
  </datafield>
  <datafield tag="250" ind1=" " ind2=" ">
    <subfield code="a">Ed. facs.</subfield>
  </datafield>
  <datafield tag="260" ind1=" " ind2=" ">
    <subfield code="a">[Segovia] : </subfield>
    <subfield code="b">Asociaci&#xF3;n Cultural Biblioteca de Ciencia y Artiller&#xED;a,</subfield>
    <subfield code="c">D.L. 1996.</subfield>
  </datafield>
  <datafield tag="300" ind1=" " ind2=" ">
    <subfield code="a">64, 45 p. ; </subfield>
    <subfield code="c">22 cm.</subfield>
  </datafield>
  <datafield tag="534" ind1=" " ind2=" ">
    <subfield code="p">Reprod. de la ed. de: </subfield>
    <subfield code="c">-- Segovia : en la Imprenta de D. Antonio Espinosa, a&#xF1;o de 1781.</subfield>
  </datafield>
  <datafield tag="610" ind1="2" ind2="4">
    <subfield code="a">Real Sociedad Econ&#xF3;mica de Amigos del Pa&#xED;s (Segovia)</subfield>
    <subfield code="9">6385</subfield>
  </datafield>
  <datafield tag="655" ind1=" " ind2="7">
    <subfield code="2">tgfbne</subfield>
    <subfield code="9">226495</subfield>
    <subfield code="a">Facs&#xED;miles</subfield>
  </datafield>
  <datafield tag="700" ind1="0" ind2=" ">
    <subfield code="a">Carlos </subfield>
    <subfield code="b">III,</subfield>
    <subfield code="c">Rey de Espa&#xF1;a</subfield>
    <subfield code="9">35305</subfield>
  </datafield>
  <datafield tag="700" ind1="1" ind2=" ">
    <subfield code="a">Valles Garrido, Jos&#xE9; Manuel.</subfield>
    <subfield code="9">112889</subfield>
  </datafield>
  <datafield tag="710" ind1="2" ind2=" ">
    <subfield code="a">Asociaci&#xF3;n Cultural Biblioteca de Ciencia y Artiller&#xED;a.</subfield>
    <subfield code="9">1531</subfield>
  </datafield>
  <datafield tag="852" ind1=" " ind2=" ">
    <subfield code="a">ES-MaACL</subfield>
    <subfield code="j">L-21841 </subfield>
    <subfield code="b">R.125480</subfield>
  </datafield>
  <datafield tag="942" ind1=" " ind2=" ">
    <subfield code="2">udc</subfield>
  </datafield>
  <datafield tag="999" ind1=" " ind2=" ">
    <subfield code="c">14508</subfield>
    <subfield code="d">14508</subfield>
  </datafield>
  <datafield tag="952" ind1=" " ind2=" ">
    <subfield code="0">0</subfield>
    <subfield code="1">0</subfield>
    <subfield code="4">0</subfield>
    <subfield code="7">0</subfield>
    <subfield code="a">ATENEOM</subfield>
    <subfield code="b">ATENEOM</subfield>
    <subfield code="c">DEPO2</subfield>
    <subfield code="d">2008-01-17</subfield>
    <subfield code="e">SC</subfield>
    <subfield code="l">0</subfield>
    <subfield code="o">L-21841</subfield>
    <subfield code="p">1014756</subfield>
    <subfield code="r">2023-02-23 00:00:00</subfield>
    <subfield code="w">2023-02-23</subfield>
    <subfield code="y">MONOGRAFIA</subfield>
  </datafield>
</record>
